| 000 | 00702nam a2200229Ia 4500 | ||
|---|---|---|---|
| 003 | GCL | ||
| 008 | 140319s9999 xx 000 0 ara d | ||
| 040 |
_aGCL / _cGCL |
||
| 082 | 0 | 4 |
_a245 _bح ف |
| 100 | 1 | _aحسن محمود الشافعى | |
| 245 | 1 | 0 |
_aالمدخل الى دراسة علم الكلام / _cحسن محمود الشافعى |
| 260 |
_a[S.N] : _bمكتبة وهبة ، _c1991 |
||
| 300 | _a408 ص | ||
| 490 | _a | ||
| 650 | 0 | 4 | _aالفلسفة الاسلامية |
| 650 | 0 | 4 | _aالخوارج |
| 650 | 0 | 4 | _aالفرق الاسلامية |
| 650 | 0 | 4 | _aالمعتزلة |
| 650 | 0 | 4 | _aعلم الكلام |
| 650 | 0 | 4 | _aالتوحيد(تصوف اسلامى) |
| 942 |
_2ddc _cBK |
||
| 999 |
_c37455 _d37455 |
||